000 00622cam a2200217 a 4500
001 13144492
005 20180308070526.0
008 030401s2003 nyua 001 0 eng
010 _a 2003267648
020 _a0078305098
040 _aDLC
_cDLC
_dDLC
041 _aeng
080 _a650.14 FER
082 0 0 _a650.14 FER
_221
100 1 _a58
101 _aBIZ
245 1 0 _aStrategies :
_cSharon K. Ferrett.
906 _a7
_bcbc
_corigcop
_d2
_encip
_f20
_gy-gencatlg
942 _2ddc
_cBK
999 _c44457
_d44457